| 000 | 00908nas a2200301 4500 | ||
|---|---|---|---|
| 001 | BR9900522 | ||
| 003 | BR-BrBNA | ||
| 005 | 20231205101218.0 | ||
| 007 | ta | ||
| 008 | 230509b bl.|||p| |||| 00| 00por d | ||
| 040 |
_aBR-BrBNA _bpor _cBiblioteca Nacional de Agricultura |
||
| 041 | _a(Pt) | ||
| 072 | _aL73; L70 | ||
| 100 | 1 | _aMiranda, Z.B. | |
| 100 | 1 | _aReyes, S. | |
| 100 | 1 | _aCarvalho, E.C.Q. de | |
| 100 | 1 | _aSantos, J.A. dos | |
| 245 | 1 | _aAfeccoes inflamatorias inespecificas de bovinos de interesse para a inspecao sanitaria | |
| 650 | _aBovino | ||
| 650 | _aInflamacao | ||
| 650 | _aPulmao | ||
| 650 | _aHistopatologia | ||
| 650 | _aInspecao Sanitaria | ||
| 650 | _aAbatedouro | ||
| 773 | 0 |
_tRevista Brasileira de Medicina Veterinaria (Brazil) _xISSN 0100-2430 _g(Jul-Aug 1998), v. 20(4) p. 154-157 _wBR9900522 |
|
| 909 |
_a202311 _bLúcia _c55 _dLúcia Elande |
||
| 942 |
_2AGRIS _n0 _cANA |
||
| 999 |
_c160449 _d160449 |
||